LEADER 01053nam a2200265 i 4500 001 991001018189707536 005 20020502182459.0 008 930510s1992 it ||| | ita 020 $a8886025564 035 $ab11452067-39ule_inst 035 $aPRUMB53568$9ExL 040 $aScuola per assistenti sociali$bita 100 1 $aBenzi, Oreste$0526823 245 10$aContro l'ovvio dei popoli :$bprovocazioni su droga, comunità terapeutiche, vere e false guarigioni /$cDon Oreste Benzi ; prefazione di Mons. Ersilio Tonini ; a cura di Valerio Lessi 260 $aRimini :$bGuaraldi,$cc1992 300 $a111 p. ;$c21 cm. 490 0 $aAssociazione Papa Giovanni 23. ;$v2 650 4$aTossicomania 700 1 $aLessi, Valerio 907 $a.b11452067$b01-03-17$c01-07-02 912 $a991001018189707536 945 $aLE024 SS/B V 25$g1$i2021000176616$lle021$nex DUSS$o-$pE0.00$q-$rl$s- $t0$u2$v0$w2$x0$y.i11638552$z01-07-02 996 $aContro l'ovvio dei popoli$9820556 997 $aUNISALENTO 998 $ale021$b01-01-93$cm$da $e-$fita$git $h0$i1 LEADER 01949nam 2200517 450 001 9910793580803321 005 20230817192211.0 010 $a1-61537-197-4 035 $a(CKB)4100000007814282 035 $a(MiAaPQ)EBC5728042 035 $a(EXLCZ)994100000007814282 100 $a20190410d2019 uy 0 101 0 $aeng 135 $aurcnu|||||||| 181 $ctxt$2rdacontent 182 $cc$2rdamedia 183 $acr$2rdacarrier 200 00$aApproach to the psychiatric patient $ecase-based essays /$fedited by John W. Barnhill 205 $aSecond edition. 210 1$aWashington, DC :$cAmerican Psychiatric Association Publishing,$d[2019] 210 4$d©2019 215 $a1 online resource (618 pages) 311 $a1-61537-002-1 320 $aIncludes bibliographical references and index. 327 $aDouble depression and James Avery -- Geriatric depression and Peter Burke -- Mood instability and Amy Cahill -- Schizophrenia and Anthony Da Piazza -- Terminal illness and Dorothy Ewing -- Agitation and Stephen Franken -- Adolescent bereavement and Amelia Gutierrez -- Anxiety and Sophia Hastings -- Hypomania and Jennifer Ingram -- Exam failure and Grace Jin. 606 $aMental Disorders$xtherapy 606 $aMental Disorders$xdiagnosis 606 $aPsychiatry$xmethods 606 $aPsychotherapy$xmethods 606 $aTreatment Outcome 608 $aCase Reports 615 12$aMental Disorders$xtherapy 615 12$aMental Disorders$xdiagnosis 615 22$aPsychiatry$xmethods 615 22$aPsychotherapy$xmethods 615 22$aTreatment Outcome 676 $a616.89 702 $aBarnhill$b John W$g(John Warren),$f1959- 712 02$aAmerican Psychiatric Association Publishing, 801 0$bMiAaPQ 801 1$bMiAaPQ 801 2$bMiAaPQ 906 $aBOOK 912 $a9910793580803321 996 $aApproach to the psychiatric patient$93841871 997 $aUNINA LEADER 03819oam 2201081zu 450 001 9910831095403321 005 20210807002912.0 010 $a3-527-60973-3 035 $a(CKB)1000000000377094 035 $a(SSID)ssj0000353871 035 $a(PQKBManifestationID)11258808 035 $a(PQKBTitleCode)TC0000353871 035 $a(PQKBWorkID)10288673 035 $a(PQKB)10420368 035 $a(EXLCZ)991000000000377094 100 $a20160829d2000 uy 101 0 $aeng 181 $ctxt 182 $cc 183 $acr 200 00$aAuditory worlds : sensory analysis and perception in animals and man : final report of the collaborative research centre 204, "Nachrichtenaufnahme und -verarbeitung im Hörsystem von Vertebraten (Munich)", 1983-1997 210 31$a[Place of publication not identified]$cWiley VCH$d2000 300 $aBibliographic Level Mode of Issuance: Monograph 311 $a3-527-27587-8 606 $aHearing Disorders 606 $aPsychoacoustics 606 $aBrain 606 $aAuditory Perception 606 $aPsychophysics 606 $aCentral Nervous System 606 $aSensation Disorders 606 $aPerception 606 $aEar Diseases 606 $aAudiometry 606 $aHearing Tests 606 $aOtorhinolaryngologic Diseases 606 $aBehavioral Disciplines and Activities 606 $aNervous System 606 $aNeurologic Manifestations 606 $aDiagnostic Techniques and Procedures 606 $aMental Processes 606 $aBehavioral Sciences 606 $aAnatomy 606 $aNervous System Diseases 606 $aDiagnostic Techniques, Otological 606 $aPsychiatry and Psychology 606 $aDiagnosis 606 $aPsychological Phenomena and Processes 606 $aSigns and Symptoms 606 $aDiseases 606 $aAnalytical, Diagnostic and Therapeutic Techniques and Equipment 606 $aPathological Conditions, Signs and Symptoms 606 $aNeuroscience$2HILCC 606 $aHuman Anatomy & Physiology$2HILCC 606 $aHealth & Biological Sciences$2HILCC 615 2$aHearing Disorders 615 2$aPsychoacoustics 615 2$aBrain 615 2$aAuditory Perception 615 2$aPsychophysics 615 2$aCentral Nervous System 615 2$aSensation Disorders 615 2$aPerception 615 2$aEar Diseases 615 2$aAudiometry 615 2$aHearing Tests 615 2$aOtorhinolaryngologic Diseases 615 2$aBehavioral Disciplines and Activities 615 2$aNervous System 615 2$aNeurologic Manifestations 615 2$aDiagnostic Techniques and Procedures 615 2$aMental Processes 615 2$aBehavioral Sciences 615 2$aAnatomy 615 2$aNervous System Diseases 615 2$aDiagnostic Techniques, Otological 615 2$aPsychiatry and Psychology 615 2$aDiagnosis 615 2$aPsychological Phenomena and Processes 615 2$aSigns and Symptoms 615 2$aDiseases 615 2$aAnalytical, Diagnostic and Therapeutic Techniques and Equipment 615 2$aPathological Conditions, Signs and Symptoms 615 7$aNeuroscience 615 7$aHuman Anatomy & Physiology 615 7$aHealth & Biological Sciences 702 $aManley$b Geoffrey A 712 02$aCollaborative Research Centre 204 "Nachrichtenaufnahme und -verarbeitung im Hörsystem von Vertebraten (Munich)" 801 0$bPQKB 906 $aBOOK 912 $a9910831095403321 996 $aAuditory worlds : sensory analysis and perception in animals and man : final report of the collaborative research centre 204, "Nachrichtenaufnahme und -verarbeitung im Hörsystem von Vertebraten (Munich)", 1983-1997$94108551 997 $aUNINA